|
|
|
|
| LEADER |
00000nab a2200000 a 4500 |
| 001 |
vtls010489391 |
| 003 |
SK-MaSNL |
| 005 |
20260319071225.0 |
| 008 |
171120c20130209xo d| 000 0|hun |
| 015 |
|
|
|a SNBRB2013/02
|
| 038 |
|
|
|a DSZK
|
| 040 |
|
|
|a DSZK
|b slo
|c DSZK
|e AACR2
|
| 041 |
0 |
|
|a hun
|
| 044 |
|
|
|a xo
|c SK
|
| 080 |
|
|
|a 343.434:347.91
|2 2001
|
| 080 |
|
|
|a 347.91
|x (437.6)
|2 2001
|
| 080 |
|
|
|a 347.964.1
|x (437.6)
|2 2001
|
| 100 |
1 |
|
|a Vrabec, Mária,
|d 1970-
|4 aut
|9 102331
|
| 245 |
1 |
0 |
|a Kiadta az ügyész Hedvig aktáját
|b a főügyészségen vizsgálják, miért mutogatta Jaroslav Kozolka a Hedvig-ügy aktáit a képviselőknek
|c Vrabec Mária
|
| 300 |
|
|
|b Fotogr.
|
| 600 |
1 |
7 |
|a Malinová, Hedviga,
|d 1983-
|2 dszk
|9 117775
|
| 650 |
0 |
7 |
|a rodáci
|2 snkbucl
|9 30842
|
| 651 |
|
7 |
|a Horné Mýto (Slovensko)
|2 dszk
|9 176758
|
| 651 |
|
7 |
|a Dunajská Streda (Slovensko)
|2 dszk
|9 17375
|
| 773 |
0 |
|
|t Új szó
|g Évf. 66, sz. 34 (2013.2.9), o. 2
|x 1335-7050
|
| 852 |
|
|
|a DSZK
|b KIS3GCP
|
| 958 |
|
|
|a HU
|
| 958 |
|
|
|a SK
|
| 999 |
|
|
|c 1802575
|d 1804505
|